000 01503nam a2200241Ia 4500
003 Ost
005 20260507075654.0
008 260507s9999||||xx |||||||||||||| ||und||
020 _a9957112783
040 _cfsecg
041 _aara
082 _a658.8
100 _aالضمور، هاني حامد
_eمؤلف
245 0 _aإدارة قنوات التوزيع /
_c هاني حامد الضمور
250 _aطبعة 2
260 _aعمان:
_bدار وائل للنشر و التوزيع,
_c2002
300 _a447 صفحة؛
_bإيضاحات ؛
_c24 سم
504 _aالمراجع ص.440
520 _aماهية القنوات التسويقية وتخطيطها و تحليل بيئة القناة التسويقية مع تناول المؤسسات الوظائفية : السماسرة و الوكلاء و المؤسسات التجارية : منشآت تجارة الجملة و المؤسسات التجارية : منشآت تجارة التجزئة و كذا التطرق الى القيادة داخل القناة التسويقية و إدارة الصراع داخل قنوات التسويق و تقييم أداء هذه القنوات كما تم تناول إدارة القنوات التسويقية و المزيج التسويقي و إدارة التوزيع المادي و و اخيرا قنوات تسويق الخدمات و قنوات التسويق الدولية.
653 _aإدارة التسويق
653 _aالتوزيع
942 _cكتاب
999 _c45662
_d45662